Internet of Things: A Hand on Approach (Record no. 7084)

MARC details
000 -LEADER
fixed length control field 00303nam a2200121Ia 4500
008 - FIXED-LENGTH DATA ELEMENTS--GENERAL INFORMATION
fixed length control field 191201s2019 xx 000 0 und d
100 ## - MAIN ENTRY--PERSONAL NAME
Personal name BAHGA,Arshdeep
245 #0 - TITLE STATEMENT
Title Internet of Things: A Hand on Approach
260 ## - PUBLICATION, DISTRIBUTION, ETC. (IMPRINT)
Name of publisher, distributor, etc University Press
Date of publication, distribution, etc 2019
300 ## - PHYSICAL DESCRIPTION
Extent 520
650 ## - SUBJECT ADDED ENTRY--TOPICAL TERM
Topical term or geographic name as entry element B.Tech(ECE)
942 ## - ADDED ENTRY ELEMENTS (KOHA)
Source of classification or shelving scheme Dewey Decimal Classification
Koha item type Text Books
Holdings
Withdrawn status Lost status Source of classification or shelving scheme Damaged status Not for loan Collection code Home library Current library Date acquired Source of acquisition Cost, normal purchase price Bill Number Total Checkouts Full call number Acc. no. / Barcode Date last seen Actual Cost, discounted price Bill Date Koha item type Date last borrowed
    Dewey Decimal Classification     B.Tech(ECE) PIET C-LIBRARY PIET C-LIBRARY 21/07/2020 Kirti Prakashan 725.00 IN 4536   004.678 BAI 31389 04/12/2019 485.75 14/08/2019 Text Books  
    Dewey Decimal Classification     B.Tech(ECE) PIET C-LIBRARY PIET C-LIBRARY 21/07/2020 Kirti Prakashan 725.00 IN 4536 2 004.678 BAI 31390 30/09/2024 485.75 14/08/2019 Text Books 09/02/2021
    Dewey Decimal Classification     Diploma in Mechanical PIET C-LIBRARY PIET C-LIBRARY 06/09/2018 KIRTI PRAKASHAN, NEW DELHI 725.00 IN1435 1 004.678 BAI DE1311 20/06/2022 485.75 06/09/2018 Text Books 03/06/2022

Design & Developed by: PIET Central Library
R70 Miles Stone Pattikalyana Samalkha Panipat 132102
mail ID :- [email protected], Phone No:- 0180-2569700 Ex.216